Jリーグ ベストイレブン - Statistics

General Stats
  • This quiz has been taken 85 times
    33 since last reset
  • The average score is 131 of 363
Answer Stats
1993年 % Correct
FW 宇佐美貴史 ガンバ大阪
79%
FW 宇佐美貴史 ガンバ大阪
79%
FW 宇佐美貴史 ガンバ大阪
79%
FW 三浦知良 ヴェルディ川崎
75%
FW 三浦知良 ヴェルディ川崎
75%
FW 三浦知良 ヴェルディ川崎
75%
GK 西川周作 サンフレッチェ広島
75%
GK 西川周作 サンフレッチェ広島
75%
FW 大迫勇也 鹿島アントラーズ
75%
GK 西川周作 浦和レッズ
75%
GK 西川周作 浦和レッズ
75%
GK 西川周作 浦和レッズ
75%
GK 西川周作 浦和レッズ
75%
FW 大迫勇也 ヴィッセル神戸
75%
FW 大迫勇也 ヴィッセル神戸
75%
MF 中村俊輔 横浜F・マリノス
71%
MF 中村俊輔 横浜F・マリノス
71%
MF 中村憲剛 川崎フロンターレ
71%
MF 中村憲剛 川崎フロンターレ
71%
MF 中村憲剛 川崎フロンターレ
71%
MF 中村憲剛 川崎フロンターレ
71%
MF 中村憲剛 川崎フロンターレ
71%
MF 中村俊輔 横浜F・マリノス
71%
MF 中村憲剛 川崎フロンターレ
71%
MF 中村憲剛 川崎フロンターレ
71%
MF 中村憲剛 川崎フロンターレ
71%
MF 三笘薫 川崎フロンターレ
71%
GK 早川友基 鹿島アントラーズ
71%
MF 遠藤保仁 ガンバ大阪
67%
MF 遠藤保仁 ガンバ大阪
67%
MF 遠藤保仁 ガンバ大阪
67%
MF 遠藤保仁 ガンバ大阪
67%
MF 遠藤保仁 ガンバ大阪
67%
MF 遠藤保仁 ガンバ大阪
67%
MF 遠藤保仁 ガンバ大阪
67%
MF 遠藤保仁 ガンバ大阪
67%
MF 遠藤保仁 ガンバ大阪
67%
MF 遠藤保仁 ガンバ大阪
67%
MF 遠藤保仁 ガンバ大阪
67%
MF 遠藤保仁 ガンバ大阪
67%
GK チョン・ソンリョン 川崎フロンターレ
67%
GK チョン・ソンリョン 川崎フロンターレ
67%
DF 植田直通 鹿島アントラーズ
67%
FW 中山雅史 ジュビロ磐田
63%
FW 中山雅史 ジュビロ磐田
63%
FW 中山雅史 ジュビロ磐田
63%
FW 中山雅史 ジュビロ磐田
63%
FW 相馬勇紀 町田ゼルビア
63%
GK 川口能活 ジュビロ磐田
58%
DF 長友佑都 FC東京
58%
FW 大久保嘉人 川崎フロンターレ
58%
FW 大久保嘉人 川崎フロンターレ
58%
FW 大久保嘉人 川崎フロンターレ
58%
FW レアンドロ ヴィッセル神戸
58%
DF 谷口彰悟 川崎フロンターレ
58%
DF 谷口彰悟 川崎フロンターレ
58%
MF 田中碧 川崎フロンターレ
58%
FW オルンガ 柏レイソル
58%
GK ランゲラック 名古屋グランパス
58%
DF 谷口彰悟 川崎フロンターレ
58%
DF 谷口彰悟 川崎フロンターレ
58%
GK 大迫敬介 サンフレッチェ広島
58%
FW レオ・セアラ 鹿島アントラーズ
58%
MF 名波浩 ジュビロ磐田
54%
MF 名波浩 ジュビロ磐田
54%
MF 名波浩 ジュビロ磐田
54%
MF 名波浩 ジュビロ磐田
54%
DF 田中マルクス闘莉王 浦和レッズ
54%
DF 田中マルクス闘莉王 浦和レッズ
54%
FW 佐藤寿人 サンフレッチェ広島
54%
DF 田中マルクス闘莉王 浦和レッズ
54%
DF 田中マルクス闘莉王 浦和レッズ
54%
DF 田中マルクス闘莉王 浦和レッズ
54%
GK 川島永嗣 川崎フロンターレ
54%
DF 田中マルクス闘莉王 浦和レッズ
54%
DF 田中マルクス闘莉王 名古屋グランパス
54%
DF 田中マルクス闘莉王 名古屋グランパス
54%
DF 田中マルクス闘莉王 名古屋グランパス
54%
FW 佐藤寿人 サンフレッチェ広島
54%
MF 武藤嘉紀 FC東京
54%
FW 前田大然 横浜F・マリノス
54%
DF 酒井高徳 ヴィッセル神戸
54%
FW 武藤嘉紀 ヴィッセル神戸
54%
FW 武藤嘉紀 ヴィッセル神戸
54%
DF 荒木隼人 サンフレッチェ広島
54%
GK 楢崎正剛 横浜フリューゲルス
50%
GK 楢崎正剛 横浜フリューゲルス
50%
GK 楢崎正剛 名古屋グランパス
50%
GK 楢崎正剛 名古屋グランパス
50%
DF 内田篤人 鹿島アントラーズ
50%
DF 内田篤人 鹿島アントラーズ
50%
GK 楢崎正剛 名古屋グランパス
50%
GK 楢崎正剛 名古屋グランパス
50%
MF 山口蛍 セレッソ大阪
50%
MF 柿谷曜一朗 セレッソ大阪
50%
FW 小林悠 川崎フロンターレ
50%
MF 山口蛍 セレッソ大阪
50%
FW 小林悠 川崎フロンターレ
50%
MF アンドレス・イニエスタ ヴィッセル神戸
50%
MF 守田英正 川崎フロンターレ
50%
MF アンドレス・イニエスタ ヴィッセル神戸
50%
FW レアンドロ・ダミアン 川崎フロンターレ
50%
MF 山口蛍 ヴィッセル神戸
50%
FW ラファエル・エリアス 京都サンガ
50%
MF 中田英寿 ベルマーレ平塚
46%
DF 中澤佑二 ヴェルディ川崎
46%
DF 中澤佑二 横浜F・マリノス
46%
DF 中澤佑二 横浜F・マリノス
46%
DF 中澤佑二 横浜F・マリノス
46%
DF 中澤佑二 横浜F・マリノス
46%
FW 岡崎慎司 清水エスパルス
46%
DF 槙野智章 サンフレッチェ広島
46%
DF 酒井宏樹 柏レイソル
46%
DF 森重真人 FC東京
46%
DF 中澤佑二 横浜F・マリノス
46%
DF 森重真人 FC東京
46%
FW パトリック ガンバ大阪
46%
DF 槙野智章 浦和レッズ
46%
DF 森重真人 FC東京
46%
DF 槙野智章 浦和レッズ
46%
DF 昌子源 鹿島アントラーズ
46%
DF 森重真人 FC東京
46%
DF 昌子源 鹿島アントラーズ
46%
MF 家長昭博 川崎フロンターレ
46%
DF 森重真人 FC東京
46%
FW 仲川輝人 横浜F・マリノス
46%
DF 山根視来 川崎フロンターレ
46%
MF 家長昭博 川崎フロンターレ
46%
DF 山根視来 川崎フロンターレ
46%
MF 家長昭博 川崎フロンターレ
46%
MF 稲垣祥 名古屋グランパス
46%
DF 山根視来 川崎フロンターレ
46%
MF 家長昭博 川崎フロンターレ
46%
DF 中谷進之介 ガンバ大阪
46%
DF 佐々木翔 サンフレッチェ広島
46%
DF 古賀太陽 柏レイソル
46%
MF 稲垣祥 名古屋グランパス
46%
MF ラモス瑠偉 ヴェルディ川崎
42%
MF ラモス瑠偉 ヴェルディ川崎
42%
MF 小笠原満男 鹿島アントラーズ
42%
GK 曽ヶ端準 鹿島アントラーズ
42%
MF 小笠原満男 鹿島アントラーズ
42%
MF 小笠原満男 鹿島アントラーズ
42%
MF 小笠原満男 鹿島アントラーズ
42%
MF 小笠原満男 鹿島アントラーズ
42%
FW マルキーニョス 鹿島アントラーズ
42%
MF 小笠原満男 鹿島アントラーズ
42%
FW 前田遼一 ジュビロ磐田
42%
FW 前田遼一 ジュビロ磐田
42%
MF レアンドロ・ドミンゲス 柏レイソル
42%
MF 清武弘嗣 セレッソ大阪
42%
MF レアンドロ・ドミンゲス 柏レイソル
42%
MF 柴崎岳 鹿島アントラーズ
42%
GK 中村航輔 柏レイソル
42%
FW 興梠慎三 浦和レッズ
42%
MF 大島僚太 川崎フロンターレ
42%
FW ジョー 名古屋グランパス
42%
GK 松永成立 横浜マリノス
38%
DF 井原正巳 横浜マリノス
38%
DF 井原正巳 横浜マリノス
38%
DF 井原正巳 横浜マリノス
38%
DF 井原正巳 横浜マリノス
38%
DF 井原正巳 横浜マリノス
38%
DF 秋田豊 鹿島アントラーズ
38%
DF 秋田豊 鹿島アントラーズ
38%
DF 秋田豊 鹿島アントラーズ
38%
DF 秋田豊 鹿島アントラーズ
38%
MF 長谷部誠 浦和レッズ
38%
FW ワシントン 浦和レッズ
38%
MF 青山敏弘 サンフレッチェ広島
38%
MF 青山敏弘 サンフレッチェ広島
38%
DF 塩谷司 サンフレッチェ広島
38%
DF 塩谷司 サンフレッチェ広島
38%
MF 青山敏弘 サンフレッチェ広島
38%
DF 塩谷司 サンフレッチェ広島
38%
FW 杉本健勇 セレッソ大阪
38%
FW マルコス・ジュニオール 横浜F・マリノス
38%
DF ジェジエウ 川崎フロンターレ
38%
DF ジェジエウ 川崎フロンターレ
38%
MF 脇坂泰斗 川崎フロンターレ
38%
FW 旗手怜央 川崎フロンターレ
38%
MF 脇坂泰斗 川崎フロンターレ
38%
FW エウベル 横浜F・マリノス
38%
FW チアゴ・サンタナ 清水エスパルス
38%
MF 脇坂泰斗 川崎フロンターレ
38%
MF 小泉佳穂 柏レイソル
38%
FW 伊藤達哉 川崎フロンターレ
38%
FW エムボマ ガンバ大阪
33%
MF 稲本潤一 ガンバ大阪
33%
FW 高原直泰 ジュビロ磐田
33%
MF 阿部勇樹 ジェフユナイテッド千葉
33%
MF 阿部勇樹 ジェフユナイテッド千葉
33%
MF 阿部勇樹 浦和レッズ
33%
MF 阿部勇樹 浦和レッズ
33%
DF 車屋紳太郎 川崎フロンターレ
33%
DF 車屋紳太郎 川崎フロンターレ
33%
DF アレクサンダー・ショルツ 浦和レッズ
33%
FW アンデルソン・ロペス 横浜F・マリノス
33%
FW アンデルソン・ロペス 横浜F・マリノス
33%
DF 柱谷哲二 ヴェルディ川崎
29%
MF 柱谷哲二 ヴェルディ川崎
29%
MF 北澤豪 ヴェルディ川崎
29%
MF 柱谷哲二 ヴェルディ川崎
29%
FW 福田正博 浦和レッズ
29%
FW ストイコビッチ 名古屋グランパス
29%
FW ストイコビッチ 名古屋グランパス
29%
MF ドゥンガ ジュビロ磐田
29%
MF ドゥンガ ジュビロ磐田
29%
FW 柳沢敦 鹿島アントラーズ
29%
MF アレックス 清水エスパルス
29%
MF 福西崇史 ジュビロ磐田
29%
FW ストイコビッチ 名古屋グランパス
29%
DF 松田直樹 横浜F・マリノス
29%
MF 明神智和 柏レイソル
29%
MF 福西崇史 ジュビロ磐田
29%
FW 柳沢敦 鹿島アントラーズ
29%
DF 松田直樹 横浜F・マリノス
29%
MF 福西崇史 ジュビロ磐田
29%
MF 福西崇史 ジュビロ磐田
29%
DF 岩政大樹 鹿島アントラーズ
29%
DF 岩政大樹 鹿島アントラーズ
29%
FW 柳沢敦 京都サンガ
29%
DF 岩政大樹 鹿島アントラーズ
29%
FW ケネディ 名古屋グランパス
29%
FW ケネディ 名古屋グランパス
29%
DF 駒野友一 ジュビロ磐田
29%
MF 柏木陽介 浦和レッズ
29%
MF 井手口陽介 ガンバ大阪
29%
GK 林彰洋 FC東京
29%
GK 高丘陽平 横浜F・マリノス
29%
FW マルシーニョ 川崎フロンターレ
29%
DF マリウス・ホイブラーテン 浦和レッズ
29%
DF マテウス・トゥーレル ヴィッセル神戸
29%
DF 相馬直樹 鹿島アントラーズ
25%
DF 相馬直樹 鹿島アントラーズ
25%
DF 相馬直樹 鹿島アントラーズ
25%
DF 相馬直樹 鹿島アントラーズ
25%
DF 田中誠 ジュビロ磐田
25%
MF 小野伸二 浦和レッズ
25%
MF 伊東輝悦 清水エスパルス
25%
MF 澤登正朗 清水エスパルス
25%
DF 名良橋晃 鹿島アントラーズ
25%
DF 田中誠 ジュビロ磐田
25%
FW 久保竜彦 横浜F・マリノス
25%
MF ポンテ 浦和レッズ
25%
FW ジュニーニョ 川崎フロンターレ
25%
FW ハーフナー・マイク ヴァンフォーレ甲府
25%
FW 豊田陽平 サガン鳥栖
25%
DF 太田宏介 FC東京
25%
DF 太田宏介 FC東京
25%
MF 齋藤学 横浜F・マリノス
25%
MF チャナティップ コンサドーレ札幌
25%
FW 永井謙佑 FC東京
25%
FW エヴェラウド 鹿島アントラーズ
25%
DF 濃野公人 鹿島アントラーズ
25%
MF 知念慶 鹿島アントラーズ
25%
MF 田中聡 サンフレッチェ広島
25%
FW ラモン・ディアス 横浜マリノス
21%
FW 武田修宏 ヴェルディ川崎
21%
FW 森島寛晃 セレッソ大阪
21%
MF 藤田俊哉 ジュビロ磐田
21%
MF 森島寛晃 セレッソ大阪
21%
FW 西澤明訓 セレッソ大阪
21%
MF 藤田俊哉 ジュビロ磐田
21%
MF 中田浩二 鹿島アントラーズ
21%
MF 藤田俊哉 ジュビロ磐田
21%
FW エメルソン 浦和レッズ
21%
FW エメルソン 浦和レッズ
21%
FW エメルソン 浦和レッズ
21%
FW 大黒将志 ガンバ大阪
21%
DF 加地亮 ガンバ大阪
21%
GK 都築龍太 浦和レッズ
21%
MF 石川直宏 FC東京
21%
DF エウシーニョ 川崎フロンターレ
21%
DF エウシーニョ 川崎フロンターレ
21%
DF 室屋成 FC東京
21%
DF チアゴ・マルチンス 横浜F・マリノス
21%
MF 喜田拓也 横浜F・マリノス
21%
DF 登里享平 川崎フロンターレ
21%
MF マテウス・サヴィオ 柏レイソル
21%
GK 菊池新吉 ヴェルディ川崎
17%
GK 菊池新吉 ヴェルディ川崎
17%
DF ブッフバルト 浦和レッズ
17%
DF ブッフバルト 浦和レッズ
17%
DF 森岡隆三 清水エスパルス
17%
MF 服部年宏 ジュビロ磐田
17%
FW アラウージョ ガンバ大阪
17%
DF 山口智 ガンバ大阪
17%
MF 鈴木啓太 浦和レッズ
17%
DF 山口智 ガンバ大阪
17%
MF 鈴木啓太 浦和レッズ
17%
DF 山口智 ガンバ大阪
17%
FW 川又堅碁 アルビレックス新潟
17%
MF 金崎夢生 鹿島アントラーズ
17%
FW ドウグラス サンフレッチェ広島
17%
DF 岩田智輝 横浜F・マリノス
17%
DF 毎熊晟矢 セレッソ大阪
17%
MF 伊藤敦樹 浦和レッズ
17%
DF ペレイラ ヴェルディ川崎
13%
MF サントス 鹿島アントラーズ
13%
MF 本田泰人 鹿島アントラーズ
13%
DF ペレイラ ヴェルディ川崎
13%
FW 高木琢也 サンフレッチェ広島
13%
MF 山口素弘 横浜フリューゲルス
13%
FW 岡野雅行 浦和レッズ
13%
MF 山口素弘 横浜フリューゲルス
13%
DF 斉藤俊秀 清水エスパルス
13%
GK ヴァン・ズワム ジュビロ磐田
13%
DF 大岩剛 ジュビロ磐田
13%
FW ウィル コンサドーレ札幌
13%
DF 鈴木秀人 ジュビロ磐田
13%
GK 土肥洋一 FC東京
13%
MF 谷口博之 川崎フロンターレ
13%
FW バレー ガンバ大阪
13%
DF 近藤直也 柏レイソル
13%
DF 水本裕貴 サンフレッチェ広島
13%
MF レオ・シルバ アルビレックス新潟
13%
FW ファン・ウィジョ ガンバ大阪
13%
FW ディエゴ・オリヴェイラ FC東京
13%
MF 水沼宏太 横浜F・マリノス
13%
DF 堀池巧 清水エスパルス
8%
MF ビスマルク ヴェルディ川崎
8%
MF ビスマルク ヴェルディ川崎
8%
MF ジョルジーニョ 鹿島アントラーズ
8%
MF 前園真聖 横浜フリューゲルス
8%
MF ビスマルク 鹿島アントラーズ
8%
MF 奥大介 ジュビロ磐田
8%
FW ファン・ソンホン セレッソ大阪
8%
DF 坪井慶介 浦和レッズ
8%
MF 奥大介 横浜F・マリノス
8%
MF 奥大介 横浜F・マリノス
8%
FW マグノ・アウベス ガンバ大阪
8%
MF 小川佳純 名古屋グランパス
8%
MF マルシオ・リシャルデス アルビレックス新潟
8%
MF 藤本淳吾 清水エスパルス
8%
MF ジョルジ・ワグネル 柏レイソル
8%
MF 藤本淳吾 名古屋グランパス
8%
MF 髙萩洋次郎 サンフレッチェ広島
8%
DF 西大伍 鹿島アントラーズ
8%
DF 西大伍 鹿島アントラーズ
8%
MF 橋本拳人 FC東京
8%
DF 大野俊三 鹿島アントラーズ
4%
MF ベッチーニョ ベルマーレ平塚
4%
GK 真田雅則 清水エスパルス
4%
DF ホン・ミョンボ 柏レイソル
4%
FW ツゥット FC東京
4%
DF ドゥトラ 横浜F・マリノス
4%
FW ウェズレイ 名古屋グランパス
4%
DF ドゥトラ 横浜F・マリノス
4%
DF ストヤノフ ジェフユナイテッド千葉
4%
FW ウイルソン ベガルタ仙台
4%
DF 那須大亮 浦和レッズ
4%
DF 小池龍太 横浜F・マリノス
4%
DF 名塚善寛 ベルマーレ平塚
0%
DF 鈴木正治 横浜マリノス
0%
GK 大神友明 ジュビロ磐田
0%
GK 高桑大二朗 鹿島アントラーズ
0%
FW マルケス 名古屋グランパス
0%
GK 吉田宗弘 セレッソ大阪
0%
MF フェルナンジーニョ ガンバ大阪
0%
MF 古橋達弥 セレッソ大阪
0%
DF 増川隆洋 名古屋グランパス
0%
MF ダニルソン 名古屋グランパス
0%
No matching quizzes found
Score Distribution
Percent of People with Each Score
Percentile by Number Answered
Your Score History
You have not taken this quiz since the last reset